000 01145nam a22003497a 4500
003 CHAP
005 20220329141527.0
008 971013s1993 r 00010 d
010 _a69598
011 _a70570
035 _a80051
040 _cCHAP
090 _aTesis
100 0 0 _aPérez Hernández, Domingo Armando.
_989731
245 _aProducción de semillas de leguminosas forrajeras tropicales en invernadero
260 _aChapingo, Méx. :
_bEl autor,
_c1993
300 _a137 h.
500 _a61-174
502 _aTesis (Ing. Agr. Esp. en Zootecnia) -- UACH. Departamento de Zootecnia
590 _aALEPH
_b10
_c20130110
_lUCH01
_h1408
590 _aBATCH-UPD
_b10
_c20130110
_lUCH01
_h0501
590 _aBATCH-UPD
_b10
_c20130410
_lUCH01
_h0139
590 _aBATCH-UPD
_b10
_c20130914
_lUCH01
_h1129
590 _aCONVERSION
_b10
_c20130109
_lUCH01
_h1338
650 1 4 _aCultivos en invernadero.
_930376
650 1 4 _aLeguminosas
_xSemilla.
_965851
650 1 4 _aPlantas forrajeras.
_988943
901 _aBK
942 _cTESIS
949 _bBC
_cTES
_d-16079
_eTS1
_h26015
_i80051
_si
949 _bBC
_cTES
_d-32947
_eTS1
_h26015
_i80051
_si
999 _c69598
_d69598